The Weeknd Charting Songs (Bubbling Under) - Statistics

General Stats
  • This quiz has been taken 6 times
  • The average score is 9 of 13
Answer Stats
Album Peak Artist(s) Song % Correct
My Everything #2 Ariana Grande & The Weeknd Love Me Harder
100%
NAV #1 NAV ft. The Weeknd Some Way
100%
Take Care #4 Drake ft. The Weeknd Crew Love
80%
Kiss Land #19 The Weeknd ft. Drake Live For
80%
Lust for Life #12 Lana Del Rey ft. The Weeknd Lust for Life
80%
Beauty Behind the Madness #1 The Weeknd Often
80%
For the Throne: Music Inspired by the HBO Series Game of Thrones #1 SZA, The Weeknd & Travi$ Scott Power is Power
80%
House of Balloons #7 The Weeknd Wicked Games
80%
Beauty Behind the Madness #2 The Weeknd Angel
60%
Beauty Behind the Madness #6 The Weeknd Angel
60%
Up For Days #15 Belly ft. The Weeknd Might Not
60%
Dreams Worth More Than Money #1 Meek Mill ft. The Weeknd Pullin Up
40%
O.N.I.F.C. #5 Wiz Khalifa ft. The Weeknd Remember You
40%
No matching quizzes found
Score Distribution
Percent of People with Each Score
Percentile by Number Answered
Your Score History
You have not taken this quiz